|
|
|
|
| LEADER |
02323njm a2200457 a 4500 |
| 001 |
000857438 |
| 003 |
CZ BrMZK |
| 005 |
20070810092649.0 |
| 007 |
sd fsngnnmmned |
| 008 |
070716s2001 xr || ? cze d |
| 028 |
0 |
0 |
|a AM 80077-2
|b Areca Multimedia
|
| 040 |
|
|
|a BOA001
|b cze
|
| 048 |
|
|
|a od
|b vu
|
| 072 |
|
7 |
|a 784
|x Vokální hudba
|2 Konspekt
|9 9
|
| 080 |
|
|
|a 784.4
|2 MRF
|
| 080 |
|
|
|a (086.76)
|2 MRF
|
| 245 |
0 |
0 |
|a Pátá
|h [zvukový záznam]
|
| 260 |
|
|
|a [Praha] :
|b František Rychtařík,
|c p+c2001
|
| 300 |
|
|
|a 1 zvuková deska (64:23) :
|b digital ;
|c 12 cm +
|e 1 leták (12 x 24 cm)
|
| 306 |
|
|
|a 010423
|
| 490 |
1 |
|
|a Rebelové 60tých let
|
| 500 |
|
|
|a Výhradní distribuce ARECA Multimedia
|
| 500 |
|
|
|a Kompaktní deska
|
| 500 |
|
|
|a Kompilace
|
| 500 |
|
|
|a Původní copyright c1963-1966 ČT
|
| 505 |
0 |
0 |
|t Úvod do dalšího dílu --
|t Twilling time --
|t Mám ráda cestu lesní --
|t Kdybys byl varhaník --
|t Dostal jsem kuli --
|t Pomalu a líně --
|t Ta, kterou si vezmu --
|t Zvoňte o patro níž --
|t Po starých zámeckých schodech --
|t Ať hudba dále zní --
|t Škoda lásky --
|t Pramen --
|t Vlčí máky --
|t Kdekdo už to ví --
|t Volá meziměsto --
|t Víc nechtěl by snad ani D'Artagnan --
|t Bojím se bojím --
|t Mrholí --
|t Vždyť je léto --
|t Náramek --
|t Já dovedu lhát --
|t Ze soboty na neděli --
|t Pátá --
|t Rozloučení
|
| 511 |
0 |
|
|a Zpívá: Helena Vondráčková, Vlasta Kahovcová, Václav Neckář a další. Hraje TOČR, dirigent Karel Krautgartner a Josef Vobruba
|
| 518 |
|
|
|a Nahráno ve studiu "A" českonslovenského rozhlasu v Praze v letech 1963-1966
|
| 650 |
0 |
7 |
|a populární písně
|7 ph124354
|y 1961-1970
|2 czenas
|
| 655 |
|
7 |
|a kompaktní desky
|7 fd201991
|2 czenas
|
| 700 |
1 |
|
|a Vondráčková, Helena,
|d 1947-
|7 jn19990210804
|4 sng
|
| 700 |
1 |
|
|a Kahovcová, Vlasta,
|d 1944-
|7 jx20050217004
|4 sng
|
| 700 |
1 |
|
|a Neckář, Václav,
|d 1943-
|7 jn19990209576
|4 sng
|
| 700 |
1 |
|
|a Krautgartner, Karel,
|d 1922-1982
|7 jk01063097
|4 cnd
|
| 700 |
1 |
|
|a Vobruba, Josef,
|d 1932-1982
|7 jn19990010024
|4 cnd
|
| 710 |
2 |
|
|a Taneční orchestr Československého rozhlasu Praha
|7 ko2002102437
|
| 830 |
|
0 |
|a Rebelové 60tých let
|
| 910 |
|
|
|a BOA001
|b CD-0013.972
|
| 990 |
|
|
|a AV
|
| 991 |
|
|
|b 200708
|
| 996 |
6 |
|
|b 261H015456
|c CD-0013.972
|l MZK
|r Sklad / do 24 hodin
|n 0
|w 000857438
|u 000010
|a 1
|e BOA001
|j MZK50
|s P
|